| Tag |
First Indicator |
Second Indicator |
Subfields |
| LEADER |
00000pam a2200000 a 4500 |
| 001 |
in00000051022 |
| 005 |
20151007080123.0 |
| 008 |
820125s1982 nyu b 10100 eng |
| 010 |
|
|
|a 82001381
|
| 020 |
|
|
|a 0824712781 (pbk.)
|
| 035 |
|
|
|a (OCoLC)08171234
|
| 035 |
|
|
|9 AAF4287AM
|
| 039 |
0 |
|
|a 2
|b 3
|c 3
|d 3
|e 3
|
| 040 |
|
|
|a DLC
|c DLC
|d TXA
|d UtOrBLW
|
| 049 |
|
|
|a TXAM
|c [1197080]
|
| 050 |
0 |
0 |
|a QA640.3
|b C66 1982
|
| 082 |
0 |
|
|a 516.3/6
|2 19
|
| 245 |
0 |
0 |
|a Convexity and related combinatorial geometry :
|b proceedings of the second University of Oklahoma conference /
|c edited by David C. Kay and Marilyn Breen.
|
| 264 |
|
1 |
|a New York :
|b M. Dekker,
|c [1982]
|
| 264 |
|
4 |
|c ©1982
|
| 300 |
|
|
|a viii, 243 pages ;
|c 26 cm.
|
| 336 |
|
|
|a text
|b txt
|2 rdacontent
|
| 337 |
|
|
|a unmediated
|b n
|2 rdamedia
|
| 338 |
|
|
|a volume
|b nc
|2 rdacarrier
|
| 490 |
1 |
|
|a Lecture notes in pure and applied mathematics ;
|v v. 76
|
| 490 |
0 |
|
|a Pure and applied mathematics
|
| 504 |
|
|
|a Includes bibliographies and indexes.
|
| 650 |
|
0 |
|a Convex bodies
|x Congresses.
|
| 650 |
|
0 |
|a Combinatorial geometry
|x Congresses.
|
| 700 |
1 |
|
|a Kay, David C.,
|d 1933-
|
| 700 |
1 |
|
|a Breen, Marilyn,
|d 1944-
|
| 710 |
2 |
|
|a University of Oklahoma.
|
| 830 |
|
0 |
|a Lecture notes in pure and applied mathematics ;
|v v. 76.
|
| 999 |
|
|
|a MARS
|
| 999 |
f |
f |
|s 01b54a73-6f87-3c9c-a136-ac8c554b6d53
|i fd0b8c47-4cae-3016-93f2-8131153509be
|t 0
|
| 952 |
f |
f |
|p ric
|a Texas A&M University
|b Rellis Campus
|c Joint Library Facility
|d Remote Storage
|t 0
|e QA640.3 C66 1982
|h Library of Congress classification
|i unmediated -- volume
|m A14805946737
|
| 998 |
f |
f |
|a QA640.3 C66 1982
|t 0
|l Remote Storage
|